000 00673nam a2200229Ia 4500
003 OSt
005 20220928115348.0
006 a|||||r|||| 00| 0
007 ta
008 220927b |||||||| |||| 00| 0 eng d
024 _a35443
037 _cTextual
040 _aSDCL
_cSDCL
_beng
041 _2eng
_aeng
082 _aT4:7(W).2'N8, M3
100 _aHaridwar Singh
_9443995
245 0 _aDemocratic orientation of students in India
_b A study in political socialization.
260 _aNew Delhi
_bConcept Publishing
_c1983
300 _axi,150p.
_ccm.
942 _hT4:7(W).2'N8, M3
_cTEXL
_2CC
999 _c759124
_d759124